| 000 | 02637cam a22005294i 4500 | ||
|---|---|---|---|
| 003 | PE-LiUPU | ||
| 005 | 20250731173011.0 | ||
| 008 | 150623s pe r 000 0 spa d | ||
| 035 | _a(Sirsi) a22725 | ||
| 040 |
_aPE-LiUPU _bspa _cPE-LiUPU _erda |
||
| 049 | _aPRUA | ||
| 082 | 0 | 4 |
_a267.1 _bI35g _221 |
| 082 | 0 | 4 |
_a267.1 _bI35 |
| 110 | 2 | _aIASD. Departamento de los Ministerios de la Iglesia. Área Jóvenes. | |
| 245 | 1 | 0 |
_aGuía práctica del conquistador / _cIASD. |
| 264 | 1 |
_a[Lima] : _bDepto. de los Ministerios de la Iglesia, Área Jóvenes, Unión Incaica, _c[19 ]. |
|
| 300 |
_apag. varia : _bilustraciones ; _c28 centímetros |
||
| 336 |
_atext _2rdacontent |
||
| 337 |
_aunmediated _2rdamedia |
||
| 338 |
_avolume _2rdacarrier |
||
| 500 | _aDatos de la cubierta. | ||
| 505 | 0 | _aTemario general -- Bases del club de conquistadores -- Organización del club de conquistadores -- Especialidades y manualidades del club de conquistadores -- Clases progresivas -- El consejero de unidad y su misión -- Estilos de formación -- Ceremonias del club de conquistadores -- El uniforme. | |
| 526 | _aSEG42 | ||
| 526 | _aSEG41 | ||
| 526 | _aSEG40 | ||
| 526 | _aSEG39 | ||
| 526 | _aP94 | ||
| 526 | _aP87 | ||
| 526 | _aP86 | ||
| 526 | _aP85 | ||
| 526 | _aP77 | ||
| 526 | _aP76 | ||
| 526 | _aP35 | ||
| 650 | 0 | 4 | _aConquistadores (Adventistas del Séptimo Día). |
| 910 |
_btqv _cwelc _d20161103 |
||
| 942 |
_2ddc _cBOOK |
||
| 949 |
_a267.1 I35g _wDEWEY _c1 _i46564 _lCCODEBUL1 _mBUL _p00.00 _r0 _sY _tBOOK _u2015-06-24 _xBIBLIOTECA _zUNKNOWN _0COMPRA _o.STAFF. Colección General |
||
| 949 |
_a267.1 I35g _wDEWEY _c2 _i50605 _lCCODEBUL1 _mBUL _p00.00 _r0 _sY _tBOOK _u2015-06-24 _xBIBLIOTECA _zUNKNOWN _0COMPRA _o.STAFF. Colección General |
||
| 949 |
_a267.1 I35 _wDEWEY _c1 _iFJ03729 _lCCODEBUJ1 _mBUJ _p20.00 _r0 _sY _tBOOK _u2016-11-03 _xBIBLIOTECA _zUNKNOWN _0DONACION _o.STAFF. Colección General Juliaca |
||
| 596 | _a1 3 | ||
| 999 |
_a267.1 I35G _wDEWEY _c23328 _i46564 _d23328 _e2018-4-2 _f2018-2-8 _g2 _lLOST _mBUL _n1 _q7 _r0 _sY _tBOOK _u2015-6-24 _xTEOLOGIA _zUNKNOWN _0COMPRA _o.STAFF. Colección General |
||
| 999 |
_a267.1 I35G _wDEWEY _c2 _i50605 _d2019-9-20 _e2018-10-22 _f2021-11-10 _g5 _lCCODEBUL1 _mBUL _n9 _p5.00 _q5 _r0 _sY _tBOOK _u2015-6-24 _xTEOLOGIA _PP35 _0COMPRA _o.STAFF. Colección Teología |
||
| 999 |
_a267.1 I35 _wDEWEY _c1 _iFJ03729 _d2019-4-3 _e2018-8-27 _f2022-2-4 _g3 _lCCODEBUJ1 _mBUJ _n1 _p20.00 _q3 _r0 _sY _tBOOK _u2016-11-3 _xBIBLIOTECA _zUNKNOWN _0DONACION _o.STAFF. Colección General Juliaca |
||
| 980 |
_81 _gALBERTO SANCHEZ Responsable de Automatización |
||